书目信息 |
| 题名: |
公路工程施工质量检查与验收手册
|
|
| 作者: | 周绪利 主编 | |
| 分册: | ||
| 出版信息: | 北京 人民交通出版社 2005.03 |
|
| 页数: | 1107页 | |
| 开本: | 27cm | |
| 丛书名: | ||
| 单 册: | ||
| 中图分类: | U415.12-62 | |
| 科图分类: | ||
| 主题词: | 道路工程--dao lu gong cheng--工程质量--质量检查--技术手册 | |
| 电子资源: | ||
| ISBN: | 7-114-05381-9 | |
| 000 | 01072nam0 2200301 450 | |
| 001 | CAL 012005020417 | |
| 005 | 20050609171511.23 | |
| 010 | @a7-114-05381-9@b精装@d118.00CNY | |
| 092 | @b0001701-278 | |
| 099 | @aCAL 012005020417 | |
| 100 | @a20050105d2005 ekmy0chiy0121 ea | |
| 101 | 0 | @achi |
| 102 | @aCN@b110000 | |
| 105 | @aak a 000yy | |
| 200 | 1 | @a公路工程施工质量检查与验收手册@Agong lu gong cheng shi gong zhi liang jian cha yu yan shou shou ce@f周绪利主编@Fzhou xu li zhu bian |
| 210 | @a北京@c人民交通出版社@d2005.03 | |
| 215 | @a1107页@c图@d27cm | |
| 320 | @a有书目 (第1106-1107页) | |
| 330 | @a本书是一部有关公路工程施工质量检查与验收手册。全书共分为十三章,内容包括:公路工程质量管理概况、公路工程质量检查与验收综述等。 | |
| 333 | @a工程质量检测者、相关专业读者。 | |
| 606 | 0 | @a道路工程@Adao lu gong cheng@x工程质量@x质量检查@j技术手册 |
| 690 | @aU415.12-62@v4 | |
| 700 | 0 | @4主编 |
| 701 | 0 | @a周绪利@Azhou xu li@4主编 |
| 801 | 0 | @aCN@bXHSD@c20050609 |
| 905 | @a10447@dU415.12-62@eZ800 | |
| 906 | @dCNY118.00@n0@r1 | |
| 998 | @aBJP | |
| 公路工程施工质量检查与验收手册/周绪利主编.-北京:人民交通出版社,2005.03 |
| 1107页:图;27cm |
| 使用对象:工程质量检测者、相关专业读者。 |
| ISBN 7-114-05381-9(精装):118.00CNY |
| 本书是一部有关公路工程施工质量检查与验收手册。全书共分为十三章,内容包括:公路工程质量管理概况、公路工程质量检查与验收综述等。 |
| ● |
| 相关链接 |
|
|
|
正题名:公路工程施工质量检查与验收手册
索取号:U415.12-62/Z800
 
预约/预借
| 序号 | 登录号 | 条形码 | 馆藏地/架位号 | 状态 | 备注 |
| 1 | 531999 | 205319993 | 自科库501/501自科库 52排1列5层/ [索取号:U415.12-62/Z800] | 在馆 | |
| 2 | 532000 | 205320008 | 自科库501/501自科库 52排1列5层/ [索取号:U415.12-62/Z800] | 在馆 | |
| 3 | 540058 | 205400582 | 期刊室512/501自科库 52排1列3层/ [索取号:U415.12-62/Z800] | 在馆 | |
| 4 | 540059 | 205400591 | 自科库501/501自科库 52排1列3层/ [索取号:U415.12-62/Z800] | 在馆 |